000 00925nam a22003017a 4500
003 CHAP
005 20220329135009.0
008 971013c19811971 r 00010 d
010 _a29245
011 _a30217
035 _a34329
040 _cCHAP
082 _a510
_bM4Y 1969
100 0 0 _aMcServe, Bruce E.
_973756
245 _aIntroducción a las matemáticas
260 _aMéxico, D.F. :
_bReverté,
_c1981 (c.1971)
300 _a462 p.
_b: ilus
500 _aTrad. de la 2 ed. en inglés de 1969
590 _aBATCH-UPD
_b10
_c20130110
_lUCH01
_h1018
590 _aBATCH-UPD
_b10
_c20130410
_lUCH01
_h0625
590 _aBATCH-UPD
_b10
_c20130914
_lUCH01
_h1803
590 _aCONVERSION
_b10
_c20130109
_lUCH01
_h1317
650 1 4 _aMatemáticas.
_972901
700 0 _aSobel, Max A.
_9107998
901 _aBK
942 _cLIBRO
949 _a510 M4Y 1969
_bBC
_cLIBRO
_d33724000136842
_eLIBRO
_gI.c/e
_h65481
_i34329
_si
_t1.50
999 _c29245
_d29245